000 00976nam a2200229 i 4500
001 bg
245 0 0 _aProblemy zarządzania strategicznego przedsiębiorstw i ekorozwoju w warunkach gospodarki rynkowej :
_bXI Międzynarodowa Konferencja Naukowa, Lublin 8 maj 2003/Zakopane 18-20 wrzesień 2003 /
_cPolitechnika Lubelska. Koło Naukowe Menedżerów.
260 _aLublin :
_bWydaw. PL,
_c2003.
300 _a139 s. :
_bil. ;
_c24 cm.
500 _aOpis wg okł. Na s. tyt. tematy konkursowe: "Wiedza i technika", "Ile wiedzy ile umiejętności". Tekst częśc. ukr.
504 _aBibliogr. przy ref.
650 9 _aZarządzanie strategiczne
_xzagadnienia
650 9 _aMenedżerowie
_xzagadnienia
650 9 _aTechnika
_xzagadnienia
655 _aMateriały konferencyjne
710 0 _aPolitechnika Lubelska
_bKoło Naukowe Menedżerów
040 _cBPK
041 w _apolukr
080 _a65.012.4:62](061)
942 _cKS
008 s pl f |000 0 pol
999 _c43746
_d43746
856 _uhttp://koha.tu.koszalin.pl/cgi-bin/koha/opac-detail.pl?biblionumber=43746
_yKatalog online BPK